Родины солдаты: повести, рассказы; Острый сигнал; Река не может молчать; Возвращение; Классическое правило; Мужской разговор; Стать солдатом нелегко; Служу за границей; Птенцы и ракеты; А поезда все идут; Четыре выстрела поутру; Дочь Кассиопеи; Впереди - полоса; На Отпрядыше; Бушлат на вырост; Только один рейс; Белые манжеты; Белые дюны; Древо жизни; Зажигалка миссис Хеберт
| Beste egile batzuk: | |
|---|---|
| Hizkuntza: | errusiera |
| Argitaratua: |
Москва, Молодая гвардия, 1983
|
| TOC: | В. Андреев, Острый сигнал; В. Возовиков, Река не может молчать; Возвращение; Н. Горбачев, Классическое правило; Н. Камбулов, Мужской разговор; В. Карпов, Стать солдатом нелегко; Ю. Ф. Стрехнин, Служу за границей; В. Успенский, Птенцы и ракеты; Ф. Халтурин, А поезда все идут; В. Жуков, Четыре выстрела поутру; В. Петров, Дочь Кассиопеи; Л. Самофалов, Впереди - полоса; Ю. Пахомов, На Отпрядыше; А. Плотников, Бушлат на вырост; В. Устьянцев, Только один рейс; Н. Черкашин, Белые манжеты; В. Клюев, Белые дюны; Н. Круговых, Древо жизни; В. Пшеничников, Зажигалка миссис Хеберт; |
| Saila: | Библиотека юношества |
| Gaiak: | |
| Formatua: | MixedMaterials Liburua |
| KOHA link: | https://koha.lib.tpu.ru/cgi-bin/koha/opac-detail.pl?biblionumber=153522 |
MARC
| LEADER | 00000nam0a2200000 4500 | ||
|---|---|---|---|
| 001 | 153522 | ||
| 005 | 20231101221709.0 | ||
| 020 | |a RU |b 83-67077 | ||
| 035 | |a (RuTPU)RU\TPU\book\166551 | ||
| 090 | |a 153522 | ||
| 100 | |a 20090213d1983 m y0rusy5003 ca | ||
| 101 | 0 | |a rus | |
| 102 | |a RU | ||
| 105 | |a a z 000ay | ||
| 200 | 1 | |a Родины солдаты |e повести, рассказы |f сост. В. П. Ерашов | |
| 210 | |a Москва |c Молодая гвардия |d 1983 | ||
| 215 | |a 448 с. |c ил. | ||
| 225 | 1 | |a Библиотека юношества | |
| 464 | |t Острый сигнал |f В. Андреев | ||
| 464 | |t Река не может молчать |f В. Возовиков | ||
| 464 | |t Возвращение | ||
| 464 | |t Классическое правило |f Н. Горбачев | ||
| 464 | |t Мужской разговор |f Н. Камбулов | ||
| 464 | |t Стать солдатом нелегко |f В. Карпов | ||
| 464 | |t Служу за границей |f Ю. Ф. Стрехнин | ||
| 464 | |t Птенцы и ракеты |f В. Успенский | ||
| 464 | |t А поезда все идут |f Ф. Халтурин | ||
| 464 | |t Четыре выстрела поутру |f В. Жуков | ||
| 464 | |t Дочь Кассиопеи |f В. Петров | ||
| 464 | |t Впереди - полоса |f Л. Самофалов | ||
| 464 | |t На Отпрядыше |f Ю. Пахомов | ||
| 464 | |t Бушлат на вырост |f А. Плотников | ||
| 464 | |t Только один рейс |f В. Устьянцев | ||
| 464 | |t Белые манжеты |f Н. Черкашин | ||
| 464 | |t Белые дюны |f В. Клюев | ||
| 464 | |t Древо жизни |f Н. Круговых | ||
| 464 | |t Зажигалка миссис Хеберт |f В. Пшеничников |a Горбачев, Николай | ||
| 606 | 1 | |a Русская литература современная |2 stltpush |3 (RuTPU)RU\TPU\subj\26373 |9 50316 | |
| 610 | 0 | |a советская литература | |
| 610 | 0 | |a повести | |
| 610 | 0 | |a рассказы | |
| 610 | 0 | |a сборники | |
| 610 | 0 | |a Великая Отечественная война 1941-1945 | |
| 610 | 0 | |a Советская Армия | |
| 610 | 0 | |a военная проза | |
| 675 | |a Р2 |z rus | ||
| 702 | 1 | |a Ерашов |b В. П. |g Валентин Петрович |4 220 | |
| 801 | 0 | |a RU |b RuMRKP |c 19950704 |g psbo | |
| 801 | 1 | |a RU |b 63413507 |c 20090213 |g PSBO | |
| 801 | 2 | |a RU |b 63413507 |c 20220126 |g PSBO | |
| 942 | |c BK | ||